Statistiken für Fußballtrainer nach Stationen

Klicken Sie hier um das Quiz zu spielen!

Allgemein

  • Dieses Quiz wurde 300 mal gespielt
  • Das Durchschnittsergebnis liegt bei 14 aus 20

Antwortstatistiken

aktive Profi-JahreMannschaftenTrainer% Korrekt
2016-TSG 1899 Hoffenheim, RB Leipzig, FC Bayern MünchenJulian Nagelsmann
96%
2001-1. FSV Mainz 05, Borussia Dortmund, FC LiverpoolJürgen Klopp
96%
2007-FC Barcelona B, FC Barcelona, FC Bayern München, Manchester CityPep Guardiola
95%
1994-2021FC Frauenfeld, VfB Stuttgart, Fenerbahçe Istanbul, Karlsruher SC, Adanaspor, FC Tirol Innsbruck, FK Austria Wien, DeutschlandJoachim Löw
93%
2004-2020Deutschland, FC Bayern München, USA, Hertha BSCJürgen Klinsmann
90%
1995-AC Reggiana, AC Parma, Juventus Turin, AC Mailand, FC Chelsea, Paris Saint-Germain, Real Madrid, FC Bayern München, SSC Neapel, FC Everton, Real MadridCarlo Ancelotti
86%
2000-Benfica Lissabon, União Leiria, FC Porto, FC Chelsea, Inter Mailand, Real Madrid, FC Chelsea, Manchester United, Tottenham Hotspur, AS RomJosé Mourinho
86%
1988-Ajax II, Ajax Amsterdam, FC Barcelona, Niederlande, FC Barcelona, AZ Alkmaar, FC Bayern München, Niederlande, Manchester United, NiederlandeLouis van Gaal
85%
2006-Racing Club, Estudiantes de La Plata, River Plate, CA San Lorenzo, Catania Calcio, Racing Club, Atlético MadridDiego Simeone
83%
1979-2018Borussia Mönchengladbach, FC Bayern München, Athletic Bilbao, Eintracht Frankfurt, CD Teneriffa, Real Madrid, Benfica Lissabon, Athletic Bilbao, FC Schalke 04, Borussia Mönchengladbach, FC Bayern München, Bayer 04 Leverkusen, FC Bayern München, FC Bayern MünchenJupp Heynckes
80%
1984-2018AS Nancy, AS Monaco, Nagoya Grampus Eight, FC ArsenalArsène Wenger
78%
1974-2013FC East Stirlingshire, FC St. Mirren, FC Aberdeen, Schottland, Manchester UnitedAlex Ferguson
73%
1992-FC Bremerhaven, Hamburger SV Amateure, Hamburger SV, 1. FC Nürnberg, Werder Bremen, Eintracht Frankfurt, VfB Stuttgart, FC Bayern München, VfL Wolfsburg, FC Schalke 04, VfL Wolfsburg, FC Fulham, Shandong Luneng Taishan, Hertha BSCFelix Magath
70%
1972-2012FV Rockenhausen, 1. FC Saarbrücken, Kickers Offenbach, Werder Bremen, Borussia Dortmund, Arminia Bielefeld, Fortuna Düsseldorf, Werder Bremen, FC Bayern München, 1. FC Kaiserslautern, Griechenland, Hertha BSCOtto Rehhagel
68%
1983-2014SC Zug, FC Aarau, Grasshopper Club Zürich, Borussia Dortmund, FC Bayern München, FC Bayern München, SchweizOttmar Hitzfeld
62%
1974-2013AC Mailand, Juventus Turin, Inter Mailand, Juventus Turin, FC Bayern München, Cagliari Calcio, FC Bayern München, AC Florenz, Italien, Benfica Lissabon, VfB Stuttgart, Red Bull Salzburg, IrlandGiovanni Trapattoni
51%
19xx-2000VfR Wipperfürth, FC Bayern München, Borussia Mönchengladbach, Borussia Dortmund, FC Barcelona, FC Bayern München, 1. FC Köln, FC Schalke 04, Borussia DortmundUdo Lattek
32%
1962-1992ADO Den Haag, SC Feijenoord, Sevilla FC, FC Brügge, Niederlande, KRC Harelbeke, Standard Lüttich, Hamburger SV, FC Swarovski Tirol, ÖsterreichErnst Happel
25%
1982-2021CS Alagoano, EC Juventude, Grêmio Esportivo Brasil, Al-Shabab, Grêmio Esportivo Brasil, EC Juventude, Grêmio FBP, Goiás EC, Al Qadsia Kuwait, Kuwait, Criciúma EC, Al-Ahli, Al Qadsia Kuwait, Grêmio FBPA, Júbilo Iwata, SE Palmeiras, Cruzeiro EC, Brasilien, Portugal, FC Chelsea, Bunyodkor Taschkent, SE Palmeiras, Brasilien, Grêmio FBPA, Guangzhou Evergrande, SE Palmeiras, Cruzeiro EC, Grêmio FBPALuiz Felipe Scolari
22%
1967-2004Vancouver Royals, FC Fulham, Ipswich Town, England, PSV Eindhoven, Sporting Lissabon, FC Porto, FC Barcelona, PSV Eindhoven, Newcastle UnitedBobby Robson
6%

Verteilung der Resultate

Perzentil nach korrekt beantworteten Fragen

Anzahl Personen mit jedem Resultat

Ihre Resultats-Entwicklung

Sie haben dieses Quiz noch nicht gespielt